Az FTC Szegeden

Elmentve itt :
Bibliográfiai részletek
Dokumentumtípus: Cikk
Megjelent: 1912-10-20
Sorozat:Délmagyarország 3 No. 59
Kulcsszavak:Labdarúgás Szeged FTC 1912
Online Access:http://dmarchiv.bibl.u-szeged.hu/42451
LEADER 00401nab a2200145 i 4500
001 delm42451
005 20180928090410.0
008 180927s1912 hu o 0|| hun d
040 |a SZTE Délmagyarország Archívum  |b hun 
041 |a hun 
245 0 3 |a Az FTC Szegeden  |h [elektronikus dokumentum] 
260 |c 1912-10-20 
300 |a 10-11 
490 0 |a Délmagyarország  |v 3 No. 59 
695 |a Labdarúgás Szeged FTC 1912